| 000 | 01568nam a2200325Ia 4500 | ||
|---|---|---|---|
| 003 | GCL | ||
| 008 | 140319s9999 xx 000 0 ara d | ||
| 020 | _a9051879953 | ||
| 040 |
_aGCL / _cGCL |
||
| 082 | 0 | 4 |
_a305.8953073 _bأ ت |
| 100 | 1 | _aاورفلى، جريجورى | |
| 245 | 1 | 0 |
_aتاريخ الاميركيين ذوى اصول عربية / _cاورفلى، جريجورى |
| 700 | 1 | _aسعيد الحسنية | |
| 250 | _aالاولى | ||
| 260 |
_aبيروت : _bالدار العربية للعلوم ، _c2006 |
||
| 300 |
_a751 ص ؛ _c24 سم |
||
| 650 | 0 | 4 | _aالهجرة الخارجية |
| 650 | 0 | 4 | _aالولايات المتحدة الامريكية - الهجرات |
| 650 | 0 | 4 | _aحرب الخليج الاولى |
| 650 | 0 | 4 | _aالعرب فى الولايات المتحدة الامريكية |
| 650 | 0 | 4 | _aالعالم العربى - الهجرات |
| 650 | 0 | 4 | _aالولايات المتحدة الامريكية - الجاليات العربية |
| 650 | 0 | 4 | _aالاعتداء الاسرائيلى على لبنان |
| 650 | 0 | 4 | _aاتحاد خريجى الجامعات الاميركيين العرب ( AAUG ) |
| 650 | 0 | 4 | _aالاتحاد القومى للاميريكيين من اصول عربية ( NAAA ) |
| 650 | 0 | 4 | _aالجمعية الاميركية - العربية لمكافحة التمييز ADC |
| 650 | 0 | 4 | _aسوريا - الهجرة الى الولايات المتحده الامريكية |
| 650 | 0 | 4 | _aلبنان - الهجرة الى الولايات المتحدة الامريكية |
| 942 |
_2ddc _cBK |
||
| 999 |
_c9471 _d9471 |
||